书目信息 |
| 题名: |
财务报表阅读与分析
|
|
| 作者: | 杨书怀 编著 | |
| 分册: | ||
| 出版信息: | 北京 机械工业出版社 2011 |
|
| 页数: | 253页 | |
| 开本: | 25cm | |
| 丛书名: | ||
| 单 册: | ||
| 中图分类: | F231.5 | |
| 科图分类: | ||
| 主题词: | 会计报表--会计分析 , 会计报表 , 会计分析 | |
| 电子资源: | ||
| ISBN: | 978-7-111-33553-5 | |
| 000 | 01062nam0 2200277 450 | |
| 001 | 523 | |
| 005 | 20140908164015.28 | |
| 010 | @a978-7-111-33553-5@dCNY36.00 | |
| 100 | @a20110721d2011 em y0chiy50 ea | |
| 101 | 0 | @achi |
| 102 | @aCN@b110000 | |
| 105 | @ay z 000yy | |
| 106 | @ar | |
| 200 | 1 | @a财务报表阅读与分析@ACai Wu Bao Biao Yue Dou Yu Fen Xi@e从入门到精通@ECong Ru Men Dao Jing Tong@f杨书怀编著@FYang Shu Huai Bian Zhu |
| 210 | @a北京@c机械工业出版社@d2011 | |
| 215 | @a253页@d25cm | |
| 300 | @a华章经管 财务知识轻松学 3 | |
| 330 | @a本书严格按照现代人从事管理或投资工作必须具备的财务报表阅读能力需求,结合上市公司案例,全面、系统、完整地分析了四大财务报表(资产负债表、利润表、现金流量表和所有者权益变动表)及其附注,详细地介绍了财务报告分析的方法与技巧。 | |
| 517 | 1 | @a从入门到精通@ACong Ru Men Dao Jing Tong |
| 606 | 0 | @a会计报表@x会计分析 |
| 606 | 0 | @a会计报表 |
| 606 | 0 | @a会计分析 |
| 690 | @aF231.5@v5 | |
| 701 | 0 | @a杨书怀@AYang Shu Huai@f(1980~)@4编著 |
| 801 | 0 | @aCN@bTANGWEI@c20140603 |
| 905 | @b0839506-08@dF231.5@e443@f3 | |
| 财务报表阅读与分析:从入门到精通/杨书怀编著.-北京:机械工业出版社,2011 |
| 253页;25cm |
| 华章经管 财务知识轻松学 3 |
| ISBN 978-7-111-33553-5:CNY36.00 |
| 本书严格按照现代人从事管理或投资工作必须具备的财务报表阅读能力需求,结合上市公司案例,全面、系统、完整地分析了四大财务报表(资产负债表、利润表、现金流量表和所有者权益变动表)及其附注,详细地介绍了财务报告分析的方法与技巧。 |
| ● |
| 相关链接 |
|
|
|
|
正题名:财务报表阅读与分析
索取号:F231.5/443
 
预约/预借
| 序号 | 登录号 | 条形码 | 馆藏地/架位号 | 状态 | 备注 |
| 1 | 0839506 | 208395066 | 第一样本阅览室/ [索取号:F231.5/443] | 在馆 | |
| 2 | 0839507 | 208395075 | 第一借阅区/ [索取号:F231.5/443] | 在馆 | |
| 3 | 0839508 | 208395084 | 第一借阅区/ [索取号:F231.5/443] | 在馆 |